Statistieken voor Landen via de Vorm van hun Wegennetwerk

Klik hier om de quiz te nemen!

Algemene statistieken

  • Deze quiz is 1.143 keer genomen
  • De gemiddelde score is 14 van 19

Antwoorden op de kaart

Antwoorden kleurgecodeerd door een groen-rode schaal op de quizkaart volgens % correct hieronder.
 

Antwoordstatistieken

Land% Correct
Italië
99%
Verenigde Staten
98%
Nederland
97%
Australië
96%
Duitsland
93%
Mexico
91%
Kroatië
90%
Chili
89%
China
82%
Portugal
78%
Zweden
74%
Polen
68%
Egypte
62%
Iran
60%
Zuid-Afrika
60%
Maleisië
48%
Vaticaanstad
46%
Democratische Republiek Congo
43%
Singapore
27%

Scoreverdeling

Percentiel versus Aantal Correcte Antwoorden

Procent van Mensen met Elke Score

Uw Scoregeschiedenis

U heeft deze quiz nog niet genomen